التفكير النقدي عند العرب : مدخل الى نظرية الأدب العربي

Bibliographic Details
Main Author: عاكوب، عيسى علي (Author)
Format: Book
Language:Arabic
Published: Bayrut : Dar al-Fikr al-Arabi , 2006
Edition:الطبعة 1
Subjects:

MARC

LEADER 00000cam a2200000 7i4500
001 0000079607
005 20121024093000.0
008 120704s2006 le ara
020 |a 1575473453 
020 |a 9781575473451 
050 0 0 |a PJ7541   |b .A38 2006 
090 0 0 |a PJ7541   |b .A38 2006 
100 1 |a عاكوب، عيسى علي ,   |e author 
241 1 3 |a al-Tafkir al-naqdi inda al-Arab   |b madkhal ila nazariyat al-adab al-arabi 
245 1 2 |a التفكير النقدي عند العرب :   |b مدخل الى نظرية الأدب العربي   |c عيسى علي العاكوب 
250 |a الطبعة 1 
260 |a Bayrut :   |b Dar al-Fikr al-Arabi ,   |c 2006 
300 |a 357 p. ;   |c 24 cm. 
504 |a Includes bibliographical references 
650 0 |a Arabic poetry   |x History and criticism 
999 |a 1000148669   |b Book   |c OPEN SHELF (30 DAYS)   |e Gong Badak Campus